Normal view
MARC view
Entry Personal Name
001 - CONTROL NUMBER
- control field: 12106
003 - CONTROL NUMBER IDENTIFIER
- control field: BD-RjUL
005 - DATE AND TIME OF LATEST TRANSACTION
- control field: 20240306122529.0
008 - FIXED-LENGTH DATA ELEMENTS
- fixed length control field: 240306|| aca||aabn | a|a d
040 ## - CATALOGING SOURCE
- Original cataloging agency: BD-RjUL
- Transcribing agency: BD-RjUL
100 ## - HEADING--PERSONAL NAME
- Personal name: Shahīd, Sayyid Aḥmad
- Dates associated with a name: 1786-1831
- General subdivision: Biographies
670 ## - SOURCE DATA FOUND
- Source citation: Work cat.: (BD-RjUL)83252: مهر، غلام رسول، Mihr, G̲h̲ulām Rasūl 1895-1971 12073, سيّد احمد شهيد : مجاهد کبير حضرت سيّد احمد بريلوى کے مفصّل سوانح حيات اور ان کى تحريک احياء دين کى مکمّل سرگزشت / Sayyid Aḥmad Shahīd : mujāhid-i kabīr Ḥaẓrat Sayyid Aḥmad Barelvī ke mufaṣṣil savāniḥ-i ḥayāt aur un kī taḥrīk-i iḥyāʼ-yi dīn kī mukammal sarguzisht/, 1968